Osmanlı şəhərləri - Armageddon - Statistics

General Stats
  • This quiz has been taken 16 times
  • The average score is 3 of 21
Answers on the Grid
Answers color-coded by a green-red scale on the quiz's grid according to % correct below.
Afina
Ankara
Bağdad
Barselona
Belqrad
Benqazi
Berlin
Beyrut
Buxarest
Bursa
Dəməşq
Dubay
İstanbul
Kasablanka
Kiyev
Konya
Qahirə
Qüds
Madrid
Marsel
Maskat
Məkkə
Moskva
Neapol
Odessa
Paris
Praqa
Riyad
Roma
Saloniki
Sarayevo
Sofiya
Tehran
Trabzon
Tunis
Varna
Varşava
Venesiya
Vyana
Zaqreb
 
Answer Stats
Answer % Correct
Bağdad
100%
Afina
50%
Ankara
50%
Belqrad
50%
Buxarest
50%
Benqazi
0%
Beyrut
0%
Bursa
0%
Dəməşq
0%
İstanbul
0%
Konya
0%
Məkkə
0%
Odessa
0%
Qahirə
0%
Qüds
0%
Saloniki
0%
Sarayevo
0%
Sofiya
0%
Trabzon
0%
Tunis
0%
Varna
0%
No matching quizzes found
Score Distribution
Percent of People with Each Score
Percentile by Number Answered
Your Score History
You have not taken this quiz